Lengua española 7 : (Registro nro. 9849)

Detalles MARC
000 -LIDER
fixed length control field 01944nam a2200421 a 4500
001 - NÚMERO DE CONTROL
Identificador de número de control 00003874
003 - IDENTIFICACDOR DE NÚMERO DE CONTROL
control field DO-SdBNP
005 - DATE AND TIME OF LATEST TRANSACTION
control field 20180305135610.0
007 - CAMPOS FIJOS DE DESCRIPCIÓN FÍSICA
fixed length control field 00003874
008 - ELEMENTOS DE LONGITUD FIJA
fixed length control field 110712s2010 dr ac 000 0 spa d
020 ## - ISBN
International Standard Book Number 9789945461494
040 ## - FUENTE DE CATALOGACIÓN
Agencia que crea de manera original el registro BPMSU
Idioma de catalogación spa
Agencia que realiza la transcripción BPMSU
082 04 - NÚMERO DE CLASIFICACIÓN DECIMAL DE DEWEY
Classification number 372.6561
Item number V145L, 7mo. 2010
100 1# - ASIENTO PRINCIPAL -- NOMBRE PERSONAL
Nombre personal Valdez, Lidia
245 10 - MENCIÓN DE TITULO
Título Lengua española 7 :
Subtítulo [educación básica] /
Mención de responsabilidad corregido y actualizado por las profesoras Lidia Valdez y Reyna Patricia Carrasco ; producción editorial María del Jesús de la Rosa.
250 ## - MENCIÓN DE EDICION
Mención de edición 2a. ed.
260 ## - PUBLICACIÓN, DISTRIBUCIÓN, ETC. (PIE DE IMPRENTA)
Lugar de publicación, distribución, etc Santo Domingo :
Nombre del editor, distribuidor, etc. Actualidad Escolar,
Fecha de publicación, distribución, etc 2010.
300 ## - DESCRIPCIÓN FÍSICA
Extensión 2v. :
Otros detalles físicos il., retrs. ;
Dimensiones 28 cm.
500 ## - NOTA GENERAL
Nota general Incluye el libro del maestro.
500 ## - NOTA GENERAL
Nota general Obra original de autoria de Basilia Rodríguez Rijo y Olimpia Sánchez Rodríguez
504 ## - NOTA DE BIBLIOGRAFÍA, ETC.
Bibliography, etc Bibliografía : p. 160
505 0# - NOTA DE CONTENIDO
Información miscelánea Unidad 1 --
Título El loro y el ratón --
Información miscelánea Unidad 2 --
Título A buscar y dar información --
Información miscelánea Unidad 3 --
Título Fantasía --
Información miscelánea Unidad 4 --
Título Son santiagueros no santiaguenses --
Información miscelánea Unidad 5 --
Título Sobre el teatro dominicano --
Información miscelánea Unidad 6 --
Título Hispaniola online entrega a sus ciberlocutores --
Información miscelánea Unidad 7 --
Título Musicoterapia --
Información miscelánea Unidad 8 --
Título ¿Cómo buscar información a través de diferentes medios?
650 #4 - ENCABEZAMIENTO DE MATERIA--TEMÁTICO
Término temático o nombre geográfico como elemento de entrada ESPAÑOL
Subdivisión temática general ENSEÑANZA BÁSICA
650 #4 - ENCABEZAMIENTO DE MATERIA--TEMÁTICO
Término temático o nombre geográfico como elemento de entrada ESPAÑOL
Subdivisión temática general EDUCACIÓN PRIMARIA
650 #4 - ENCABEZAMIENTO DE MATERIA--TEMÁTICO
Término temático o nombre geográfico como elemento de entrada ESPAÑOL
Subdivisión temática general LIBROS DE TEXTOS
650 #4 - ENCABEZAMIENTO DE MATERIA--TEMÁTICO
Término temático o nombre geográfico como elemento de entrada ESPAÑOL
Subdivisión temática general ESTUDIOS Y EJERCICIOS
650 #4 - ENCABEZAMIENTO DE MATERIA--TEMÁTICO
Término temático o nombre geográfico como elemento de entrada EDUCACIÓN PRIMARIA
Subdivisión geográfica REPÚBLICA DOMINICANA
700 1# - ASIENTO SECUNDARIO -- NOMBRE PERSONAL
Nombre personal Rodríguez Rijo, Basilia
Título de una obra Lengua española 7
700 1# - ASIENTO SECUNDARIO -- NOMBRE PERSONAL
Nombre personal Sánchez Rodríguez, Olimpia
700 1# - ASIENTO SECUNDARIO -- NOMBRE PERSONAL
Título de una obra Lengua española 7
700 1# - ASIENTO SECUNDARIO -- NOMBRE PERSONAL
Nombre personal Carrasco, Reyna Patricia
700 1# - ASIENTO SECUNDARIO -- NOMBRE PERSONAL
Nombre personal Rosa, María del Jesús de la,
Mención de responsabilidad ed.
910 ## - VALIDACIÓN
Validación Validado. Control de calidad MFF
942 ## - ADDED ENTRY ELEMENTS (KOHA)
Source of classification or shelving scheme Dewey Decimal Classification
Koha item type Libros
945 ## - INFORMACIÓN DE PROCESAMIENTO LOCAL
Información de procesamiento local Remanejado para la BNPHU / 2018 VM
956 ## - LOCAL ELECTRONIC LOCATION AND ACCESS (OCLC)
Nombre de host VMATEO
Número de acceso 10
Información de compresión 20150810
Inicio de sesión BPMSU
Procesador de solicitud 00151
956 ## - LOCAL ELECTRONIC LOCATION AND ACCESS (OCLC)
Nombre de host LOPEREZ
Número de acceso 10
Información de compresión 20160420
Inicio de sesión BPMSU
Procesador de solicitud 00041
Existencias
Withdrawn status Lost status Source of classification or shelving scheme Damaged status Not for loan Collection code Home library Current library Date acquired Source of acquisition Total Checkouts Full call number Barcode Date last seen Price effective from Koha item type
    Dewey Decimal Classification     Colección Escolar Biblioteca Pública Metropolitana Salomé Ureña Biblioteca Pública Metropolitana Salomé Ureña 04/20/2016 Donación   372.6561 V145L, 7mo. 2010 v.1 BPMSU16040566 04/20/2016 04/20/2016 Libros
    Dewey Decimal Classification     Colección Escolar Biblioteca Pública Metropolitana Salomé Ureña Biblioteca Pública Metropolitana Salomé Ureña 04/20/2016 Donación   372.6561 V145L, 7mo. 2010 v.2 Libro del maestro BPMSU16040587 04/20/2016 04/20/2016 Libros